=LDR 00000nam 2200000 4500 =001 INLIS000000000029581 =990 ##$$a 21004576 =990 ##$$a 20801220 =005 20211129123605 =990 ##$$a 20801220 =990 ##$$a 21004577 =035 ##$$a 0010-061300000029581 =990 ##$$a 21004577 =990 ##$$a 21004579 =008 211129################g##########0#ind## =990 ##$$a 21004579 =990 ##$$a 21004576 =041 ##$$a Ind =990 ##$$a 3202103258 =990 ##$$a 3202103258 =082 ##$$a 340.072 =090 ##$$a 340 Suk p =100 1#$$a Sukanto, Soerjono =245 1#$$a Penelitian hukum normatif suatu tinjauan singkat /$c Soerjono Soekanto =260 ##$$a Jakarta :$b Rajagrafindo,$c 2009 =300 ##$$a viii, 128 hlm. : $b ilus ; $c 14x21 cm =650 #4$$a Hukum Normatif =850 ##$$a NBPNMAT =020 ##$$a 979-421-259-8 =084 ##$$a 340.072 Soe p =990 ##$$a 20801220 =990 ##$$a 21004577 =990 ##$$a 21004579 =990 ##$$a 21004576 =990 ##$$a 3202103258 =990 ##$$a 3202103258 =990 ##$$a 20801220 =990 ##$$a 21004577 =990 ##$$a 21004579 =990 ##$$a 21004576 =990 ##$$a 27112711 =990 ##$$a 21004578 =990 ##$$a 20801220 =990 ##$$a 21004577 =990 ##$$a 21004579 =990 ##$$a 21004576 =990 ##$$a 3202103258